000 00653nam a22001817a 4500
005 20170802144215.0
010 _aENG-119514
020 _c400.00
_a9788184654462
035 _aEN-103046
037 _bDBAD/PUB
082 _a280.21
100 _aRupwate,Daniel D.
245 _aThe good news of the Bible :
_cby Daniel D. Rupwate
_btwenty-seven textual sermons on the gospel of and about Jesus Christ /
260 _aDelhi
_bThe Indian Society for Promoting Christian Knowlewdge(ISPCK))
_c2014
270 _a1585,1654 Madarsa Road Kashmere Gate
_bDelhi
_e110006
300 _axii,324p.
_c24cm(pbk)
942 _2ddc
_cEN
_mRUP
_h280.21
999 _c143063
_d143063